TV Girl - Discography - Statistics

General Stats
  • This quiz has been taken 39 times
  • The average score is 28 of 81
Answer Stats
# title % Correct
3. Blue Hair
90%
9. Lovers Rock
87%
3. Cigarettes out the Window
83%
4. It Almost Worked
77%
6. (Jordana) Better in the Dark
73%
2. Birds Don't Sing
73%
5. Not Allowed
73%
1. Taking What's Not Yours
67%
3. Louise
63%
1. (Jordana) Summer's Over
63%
9. Loving Machine
60%
2. Song About Me
60%
7. The Blonde
60%
8. Daughter of a Cop
57%
10. Death of a Party Girl
57%
4. Hate Yourself
57%
10. Heaven Is a Bedroom
57%
10. 99.5
53%
11. Grapes Upon the Vine
53%
6. (Do The) Act Like You Never Met Me
50%
1. Pantyhose
50%
1. Pretty Boy
50%
7. Safeword
50%
12. Anjela
47%
3. My Girlfriend
47%
(2015) Natalie Wood
47%
1. The Night in Question
47%
2. Valerie
43%
2. 7 Days Til Sunday
37%
6. Cynical One
37%
4. (Jordana) Sweet to Dream
37%
7. Your Friends Are Calling Your Name
37%
8. For You
33%
3. (Jordana) Jump the Turnstile
33%
7. King of Echo Park
33%
5. Melanie
33%
1. She Smokes in Bed
33%
6. Talk To Strangers
33%
5. The Desolation Tango
33%
2. (Jordana) Lo on the Hi-Way
30%
9. Every Stupid Actress
27%
3. Lines to a Different Play
27%
12. (GC, Magdalena Bay) Messy Hair
27%
8. (GC, Neggy Gemmy) Monday, Monday
27%
5. (Jordana) Ordinary Day
27%
4. Till You Tell Me to Leave
27%
4. Easier to Cry
23%
3. (GC) Fauxllennium
23%
13. (GC, PYNKIE) I'm Not Real
23%
2. Laura
23%
10. (GC, Frankie Cosmos) Poison Ooze
23%
6. Sleeping with the Enemy
23%
8. Stay Away (It's Like That)
23%
7. (Jordana) The Party's Not Over
23%
8. Big Black Void
20%
9. Fire
20%
10. Her and Her Friend
20%
5. Shame
20%
14. (GC, Fcukers) Summer 2000
20%
(2020, Bloodbath64) Symphony of Death
20%
9. (GC) Yr Not Invited
20%
4. (GC, Jordanna) Butterflies
17%
11. (GC, Maddie Acid) Ketamine Girl
17%
7. (GC) Yesterday's World
17%
11. Come When You Call
13%
2. (GC) Everything Blue
13%
3. Hang On
13%
12. Heaven Over our Heads
13%
8. Legendary Lovers
13%
6. One of These Mornings
13%
5. (GC) Take a Trip
13%
5. The Getaway
13%
7. The Night Time
13%
2. All The Way Through
10%
(2023, Monster Rally) Average Guy (Blame)
10%
5. Drift Down
10%
1. I'll Be Faithful
10%
4. Lonely Girls
10%
1. (George Clanton) Summer 2000 Baby
10%
4. Higher Ground
7%
6. (GC) The Sweet Life
7%
No matching quizzes found
Score Distribution
Percent of People with Each Score
Percentile by Number Answered
Your Score History
You have not taken this quiz